Art català : estat de la qüestió : Vè. Congrés del CEHA, Barcelona 1984 estat de la qüestió :
Descripción Física:
444 p. ; 30 cm
Materias:
Art català -- Congressos
MARC
| LEADER | 00000nam a2200000Ia 4500 | ||
|---|---|---|---|
| 001 | 2047 | ||
| 008 | 160829s9999 xx 000 0 cat d | ||
| 080 | |a B-1-34 | ||
| 245 | |a Art català : |b estat de la qüestió : |b Vè. Congrés del CEHA, Barcelona 1984 | ||
| 260 | |a Barcelona : |b Diputació de Barcelona : |b Caixa d'Estalvis de Catalunya, DL 1984 | ||
| 300 | |a 444 p. ; |c 30 cm | ||
| 650 | |a Art català |x Congressos |9 34877 | ||
| 700 | |a Comité Español de Historia del Arte |9 34878 | ||
| 700 | |a Caixa Catalunya | ||
| 710 | 1 | |a Barcelona (Catalunya : Província). |b Diputació |9 52408 | |
| 901 | |a Arxiu | ||
| 942 | |n 1 | ||
| 952 | |0 0 |1 0 |4 0 |6 B134 |7 1 |9 46676 |a Arxiu |b Arxiu |d 2016-12-01 |l 0 |o B-1-34 |p 2047 |r 2016-12-01 00:00:00 |w 2016-12-01 |y ARXIU | ||
| 999 | |c 50469 |d 50469 | ||